|
|
|
|
| LEADER |
00000nab a2200000 a 4500 |
| 001 |
vtls000688806 |
| 003 |
SK-MaSNL |
| 005 |
20260302181630.0 |
| 008 |
180206c1999 xo 0 slo |
| 015 |
|
|
|a SNBRB1999/04-09352
|
| 035 |
|
|
|a CLN000040973
|
| 040 |
|
|
|a SNKBUCL
|b slo
|c SNKBUCL
|e AACR2
|
| 041 |
0 |
|
|a slo
|
| 044 |
|
|
|a xo
|c SK
|
| 080 |
|
|
|a 2-051(494)
|2 UDC-MRF-SK2
|
| 080 |
|
|
|a 21
|2 UDC-MRF-SK2
|
| 100 |
1 |
|
|a Balthasar, Hans-Urs von,
|d 1905-1988
|4 aut
|9 41048
|
| 245 |
1 |
0 |
|a Pokus o prehľad mojím myslením
|c Hans Urs von Balthasar ; preložil František Sýkora
|
| 600 |
1 |
7 |
|a Balthasar, Hans-Urs von,
|d 1905-1988
|2 snkbucl
|9 41048
|
| 655 |
|
7 |
|a články z novín a časopisov
|2 snkbucl
|9 267496
|
| 700 |
1 |
|
|a Sýkora, František
|4 trl
|9 288657
|
| 773 |
0 |
|
|t Viera a život
|g Roč. 9, č. 2 (1999), s. 141-144
|
| 850 |
|
|
|a Slovenská národná knižnica v Martine
|
| 852 |
|
|
|a SNK
|b KIS3GCP
|
| 958 |
|
|
|a RBX
|
| 999 |
|
|
|c 1414913
|d 1416843
|